01573cam a22003013a 450000100060000000300060000600500170001200800410002904000150007004200070008505000090009210000510010124500690015226000290022150505360025050600300078651600200081665300760083665300470091265300390095965300580099865300440105683000290110085600420112994200070117199900190117895200740119727250PGUSA20140828083605.0081113s2008||||xxu|||||s|||||000 | eng d aPGUSAbeng adc 4aE1511 aChesterton, G. K.q(Gilbert Keith),d1874-193610aWhat I Saw in Americah[electronic resource] /cG. K. Chesterton bProject Gutenberg,c20080 aWhat is America? -- A meditation in a New York hotel -- A meditation in Broadway -- Irish and other interviewers -- Some American cities -- In the American country -- The American business man -- Presidents and problems -- Prohibition in fact and fancy -- Fads and public opinion -- The extraordinary American -- The Republican in the ruins -- Is the Atlantic narrowing? -- Lincoln and lost causes -- Wells and the world state -- A new Martin Chuzzlewit -- The spirit of America -- The spirit of England -- The future of democracy. aPublic domain in the USA. aElectronic text aChesterton, G. K. (Gilbert Keith), 1874-1936 -- Travel -- United States aUnited States -- Civilization -- 1918-1945 aNational characteristics, American aUnited States -- Social life and customs -- 1918-1945 aUnited States -- Description and travel 0aProject Gutenbergv2725040uhttp://www.gutenberg.org/ebooks/27250 cEB c256505d256505 001040aGTBbGTBd2014-08-28l0r2014-08-28 00:00:00w2014-08-28yEB